000 00533nam a2200205Ia 4500
001 13830
003 GE_BSU
008 181216s||||||||xx |||||||||||||| ||und||
040 _cGE_BSU
080 _a61(031)
100 _aPaxton,Paul; Rubenstein,David; Smith,Andrew; Wayne,David.
245 4 _aThe heinemann new family medical encyclopaedia.
260 _aLondon.
260 _bHeinemann.
260 _c1983
300 _a304p;25cm.
300 _bill.
653 _aThe heinemann new family medical encyclopaedia.
942 _cBK
999 _c46976
_d46976